000 00830nam a2200217Ia 4500
999 _c39842
_d39842
001 6447
003 GE_BSU
005 20191015155337.0
008 181216s||||||||xx |||||||||||||| ||und||
040 _cGE_BSU
041 _ageo
080 _a821.353.1-1 ბ-52
100 _aბერიძე, სანდრო
_94725
245 _aჰოდა იმას ვამბობდი :
_bლექსები /
_cსანდრო ბერიძე ; რედ. ჯემალ ბერიძე.
264 _aბათუმი :
_bაჭარა ;
_c2001.
300 _a215 გვ. :
_bილ. ;
_c21 სმ.
653 _aჰოდა იმას ვამბობდი
653 _aლექსები
700 _aბერიძე, ჯემალ
_eრედაქტორი
_92734
942 _cBK
_2udc